Krnovský minorita Mikuláš z Kozlí a jeho vědecké dílo

Titel: Krnovský minorita Mikuláš z Kozlí a jeho vědecké dílo
Verfasser:
In: Matice Moravská (Brünn): Časopis Matice Moravské, Band 109, Heft 2 (1990), Seite 235-253
alle Artikel anzeigen
Veröffentlicht: 1990
Format: Aufsatz
Sprache: Tschechisch
Schlagworte:
Kein Bild verfügbar
X
alg: 39453366
001A    $01999:12-11-16 
001B    $03025:30-03-26 $t16:40:48.000 
001D    $01999:12-11-16 
001U    $0utf8 
001X    $00 
002@    $0Aox 
003@    $0394533666 
007A    $0394533666 $aHEB 
007T    $0Herdww004702 
010@    $acze 
011@    $a1990 
021A    $aKrnovský minorita Mikuláš z Kozlí a jeho vědecké dílo 
028A    $aSvátek $dJosef 
031A    $d109 $e2 $h235-253 $j1990 
039B    $aIn $8--Abvc--Matice Moravská$gBrünn [Tb1]. Časopis Matice Moravské. - Brno, 1869-. - ISSN 0323-052X $x199000001090002765 $9047461179 
039U    $8--Aox--Grobelný, Andělín. Svátek, Josef. Krnovský minorita Mikuláš z Kozlí a jeho vědecké dílo. -  1990 [Rezension], 1991 $939531903X 
044K    $#Nicolaus  $#Kosel, Nikolaus von $#Nicolas  $#Nicolas  $#Nicolaus  $#Nicolay  $#Nicolay  $#Mikuláš  $#Mikołaj  $7102840563 $8$PNikolaus$lvon Kosel$Z1390- [Tp1] $9138364400 
045F    $a200.9438509024 $eDDC23BSB 
045F/01 $a200.9 
045F/03 $f09024 
045F/03 $g4385 
045F/03 $g438 
045F/03 $g4371 
045T    $a8 

lok: 39453366 78

exp: 39453366 78 1 #EPN
201B/01 $016-03-18 $t22:56:59.000 
201U/01 $0utf8 
203@/01 $0790644096 
208@/01 $a12-11-16 $be 
209A/01 $a/ $f000 $x00 
220C/01 $aTitelaufnehmer: LB 
220C/01 $aHerkunft: IH UWr 
244Z/01 $#Tschechien $#Tschechische Republik $#Tschechien $#Tschechische Republik $#Tschechenland $#Tschechei Tschechien $#Česká Republika $#Czech Republic $#ČR $74303381-7 $8--Tg1--Tschechien $x01 $9086659812 
244Z/01 $2Trx $#Böhmen $#Bohemia $#Czechy $8--Trx--Čechy $x02 $9391188941 
244Z/01 $#Jägerndorf $72166196-0 $8--Tg1--Krnov $x03 $9054086485 
244Z/01 $aGeschichte 1400-1500 $x04 
244Z/01 $2Trx $#Mikołaj z Koźla $#Mikuláš z Kozlí $8--Trx--$PNikolaus von Cosel $x05 $939061002X 
244Z/01 $2Trx $#kirjanikud $#rašytojai $#writers $#írók $#pisarze $#spisovatelia $#spisovatelé $8--Trx--Schriftsteller $x06 $9391382659 
244Z/01 $2Trx $8--Trx--Zeitschriftenaufsatz $x07 $9391384341 
247C/01 $82080>Marburg/Lahn, Herder-Institut, Forschungsbibliothek, Bibliographieportal $9336309341
LEADER 00000caa a22000002c 4500
001 394533666
003 DE-603
005 20260330164048.0
007 tu
008 161112s1990 xx |||| | u00||u|cze c
035 |a (DE-599)HEB394533666 
040 |a DE-603  |b ger  |c DE-603  |d DE-603 
041 |a cze 
082 0 4 |8 1\u  |a 200.9438509024  |q DE-101  |2 23/BSB 
084 |a 8  |2 ssgn 
085 |8 1\u  |b 200.9 
085 |8 1\u  |z 1  |s 09024 
085 |8 1\u  |z 2  |s 4385 
085 |8 1\u  |z 2  |s 438 
085 |8 1\u  |z 2  |s 4371 
100 1 |a Svátek, Josef 
245 0 0 |a Krnovský minorita Mikuláš z Kozlí a jeho vědecké dílo 
264 0 |c 1990 
600 0 7 |a Nikolaus  |c von Kosel  |d 1390-  |0 (DE-588)102840563  |0 (DE-603)138364400  |2 gnd 
773 0 8 |i In  |a Matice Moravská (Brünn)  |t Časopis Matice Moravské  |d Brno, 1869-  |x 0323-052X  |g Band 109, Heft 2 (1990), Seite 235-253  |w (DE-603)047461179  |w (DE-600)282647-1 
787 0 8 |i Rezensiert in  |a Grobelný, Andělín  |t Svátek, Josef. Krnovský minorita Mikuláš z Kozlí a jeho vědecké dílo. - 1990 [Rezension]  |w (DE-603)39531903X 
924 0 |9 2080  |a (DE-603)790644096  |b DE-2080  |c HES  |d d  |g /